00386nam a22001337a 450000500170000000800410001704100220005808200120008010000230009224500310011526000470014630000330019365000260022620240719134310.0240719b |||||||| |||| 00| 0 eng d aEnglish/Afrikaans a349 SOU lEnglish/Afrikaans  aSouth African Law Reports  aCape Town: bJuta and Company Ltd, c1992  blxxxiv, 926 pages; c26 cm.  aLegal practice bLaw